000 00553nam a2200181 a 4500
001 000029898
003 DO-SdBNP
005 20230526111501.0
008 110426s1972 dr 000 0 spa d
040 _aDO-SdBNP
_bspa
_cBNPHU
049 _aBNPD
100 1 _aBagaet, Eduardo
_956636
245 1 0 _aProyecto para una terminal de frutas, vegetales y supermercado /
_cEduardo Bagaet.
260 _aSanto Domingo :
_bIDECOOP,
_c1972.
300 _a27 P. ;
_c28 cm.
710 1 _aInstituto de Desarrollo y Crédito Cooperativo
_957967
942 _2ddc
_cLBS1
999 _c29390
_d29390